Bioovocie a zelenina lepšie vonia aj chutí
Ponuky s biopotravinami rastú ako huby po daždi. Čo je eko a bio. Prednosti biopotravín.
Guardado en:
| Autor principal: | |
|---|---|
| Formato: | Capítulo de libro |
| Lenguaje: | eslovaco |
| Materias: | |
| Etiquetas: |
Sin Etiquetas, Sea el primero en etiquetar este registro!
|
MARC
| LEADER | 00000naa a2200000 4500 | ||
|---|---|---|---|
| 001 | 0185352 | ||
| 005 | 20231208070353.5 | ||
| 041 | 0 | |a slo | |
| 044 | |a SK | ||
| 245 | 1 | 0 | |a Bioovocie a zelenina lepšie vonia aj chutí |c Eva Schlosserová |
| 520 | |a Ponuky s biopotravinami rastú ako huby po daždi. Čo je eko a bio. Prednosti biopotravín. | ||
| 610 | 2 | 0 | |a biopotraviny |
| 610 | 2 | 0 | |a označovanie tovarov |
| 100 | 1 | |a Schlosserová, Eva | |